England National Football Team Players: M - Statistics

General Stats
  • This quiz has been taken 14 times
  • The average score is 25 of 98
Answer Stats
Caps Goals First Cap Last Cap Player % Correct
108 2 1962 1973 Bobby Moore
82%
1 2 1923 1923 Billy Moore
73%
2 0 1883 1885 Harry Moore
73%
61 1 2009 2016 James Milner
73%
1 1 1923 1923 Jimmy Moore
73%
17 0 1981 1986 Alvin Martin
64%
19 0 2001 2004 Danny Mills
64%
14 0 1963 1964 Gordon Milne
64%
42 0 1972 1982 Mick Mills
64%
3 0 1938 1939 Bill Morris
55%
1 0 1961 1961 Brian Miller
55%
2 1 1920 1920 Fred Morris
55%
3 3 1937 1937 George Mills
55%
1 1 1923 1923 Harold Miller
55%
1 0 1914 1914 Henry Martin
55%
3 3 1949 1949 Johnny Morris
55%
14 6 1972 1975 Malcolm Macdonald
55%
36 5 2019 2022 Mason Mount
55%
54 11 1934 1957 Stanley Matthews
55%
8 0 1958 1958 Colin McDonald
45%
7 0 2019 2024 James Maddison
45%
5 0 1956 1956 Reg Matthews
45%
9 1 1971 1973 Rodney Marsh
45%
1 0 2015 2015 Ryan Mason
45%
37 3 1994 2001 Steve McManaman
45%
3 0 1924 1926 Thomas Mort
45%
2 0 2022 2022 Tyrick Mitchell
45%
2 1 1928 1928 Vincent Matthews
45%
3 0 1887 1890 Charlie Mason
36%
5 5 1880 1885 Clement Mitchell
36%
1 0 2001 2001 Gavin McCann
36%
1 1 1937 1937 Jackie Morton
36%
1 0 1924 1924 James Mitchell
36%
35 13 1977 1985 Paul Mariner
36%
21 3 1991 1998 Paul Merson
36%
5 0 2020 2020 Ainsley Maitland-Niles
27%
35 1 1964 1971 Alan Mullery
27%
1 0 1951 1951 Arthur Milton
27%
9 1 2001 2003 Danny Murphy
27%
64 7 2017 2024 Harry Maguire
27%
10 0 2024 2024 Kobbie Mainoo
27%
9 0 1960 1961 Mick McNeil
27%
23 0 1992 2002 Nigel Martyn
27%
9 1 2024 2025 Noni Madueke
27%
24 0 1971 1977 Paul Madeley
27%
2 0 1880 1881 Thomas Marshall
27%
6 0 1981 1982 Tony Morley
27%
18 2 2019 2023 Tyrone Mings
27%
1 0 2018 2018 Alex McCarthy
18%
1 0 1910 1910 Bert Morley
18%
7 0 1888 1891 Billy Moon
18%
4 0 1968 1969 Bob McNab
18%
2 1 1922 1923 David Mercer
18%
16 1 1982 1992 Gary Mabbutt
18%
12 6 1947 1954 Jimmy Mullen
18%
5 0 1938 1939 Joe Mercer
18%
25 23 1947 1953 Stan Mortensen
18%
17 0 1988 1990 Steve McMahon
18%
25 3 1977 1982 Terry McDermott
18%
1 0 1873 1873 Alexander Morten
9%
5 0 1921 1924 Frank Moss
9%
4 0 1934 1934 Frank Moss
9%
23 0 1951 1954 Gil Merrick
9%
1 0 1879 1879 Harold Morse
9%
1 0 1913 1913 Hugh Moffat
9%
13 10 1948 1955 Jackie Milburn
9%
1 0 1955 1955 Jimmy Meadows
9%
2 1 1963 1963 Jimmy Melia
9%
1 0 1891 1891 Joseph Marsden
9%
28 0 1971 1976 Roy McFarland
9%
1 1 1898 1898 Tommy Morren
9%
3 0 1929 1930 William Marsden
9%
2 0 1872 1876 William Maynard
9%
1 0 1926 1926 Albert McInroy
0%
4 3 1891 1897 Alf Milward
0%
1 0 1897 1897 Bernard Middleditch
0%
3 0 1949 1949 Bert Mozley
0%
4 0 1954 1955 Bill McGarry
0%
9 3 1877 1882 Billy Mosforth
0%
2 0 1914 1914 Bobby McNeal
0%
1 0 1988 1988 Brian Marwood
0%
1 0 1872 1872 Charles Morice
0%
2 0 1914 1914 Eddie Mosscrop
0%
19 0 1934 1939 George Male
0%
4 0 1902 1903 George Molyneux
0%
4 0 1906 1912 Harry Makepeace
0%
1 0 1908 1908 Harry Maskrey
0%
2 0 1912 1913 Jackie Mordue
0%
1 0 1920 1920 Jack Mew
0%
5 1 1913 1920 Joe McCall
0%
6 1 1950 1951 Les Medley
0%
1 0 1881 1881 Reginald Macauley
0%
6 0 1883 1884 Stuart Macrae
0%
5 0 1923 1925 Tommy Magee
0%
1 0 1923 1923 Tommy Meehan
0%
2 0 1951 1951 Vic Metcalfe
0%
26 11 1946 1951 Wilf Mannion
0%
2 0 1958 1959 Wilf McGuinness
0%
No matching quizzes found
Score Distribution
Percent of People with Each Score
Percentile by Number Answered
Your Score History
You have not taken this quiz